| 000 | 00347nam a2200133 4500 | ||
|---|---|---|---|
| 005 | 20260530113908.0 | ||
| 100 | 1 |
_aPaco Asencio _933015 |
|
| 245 | 1 | 0 | _aFurniture / Möbel DESIGN |
| 264 | 1 |
_bTneus • Loft Publication _c2003 |
|
| 300 | _a398 páginas | ||
| 336 |
_atexto _2rdacontent |
||
| 337 |
_asin medio _2rdamedia |
||
| 338 |
_avolumen _2rdacarrier |
||
| 999 |
_c12025 _d12025 |
||